000 00832cam a2200193 4500
001 WB3647-27
008 000000n2000 000 0 eng u
035 _a(Sirsi) u109561
245 _aNo relief on equine rates
260 _c2000
490 _aWestern Morning News
_v 22 November 2000, 6(1)
520 _aDescribes government plans to exempt equestrian projects from business rates and how this will affect farmers hoping to diversify by developing such projects. The proposal only relates to start-up enterprises on working farms for a period of five years. Information from the DETR consultation paper, "Rate Relief for Horse Enterprises on Farms".
590 _aWB
650 _aRATE RELIEF
650 _aFARM DIVERSIFICATION
650 _aEQUESTRIAN ENTERPRISES
690 _aRATING AND LOCAL TAXATION
942 _n0
999 _c65409
_d65409